Calidad de vida en los trastornos mentales / (Registro nro. 2577)

Detalles MARC
000 -LEADER
fixed length control field 01209nam a2200313 4500
001 - CONTROL NUMBER
control field 0000019403
003 - CONTROL NUMBER IDENTIFIER
control field CO-CtgCURN
005 - DATE AND TIME OF LATEST TRANSACTION
control field 20250329164847.0
007 - PHYSICAL DESCRIPTION FIXED FIELD--GENERAL INFORMATION
fixed length control field ta
008 - FIXED-LENGTH DATA ELEMENTS--GENERAL INFORMATION
fixed length control field 160627s2000 000 0 eng d
020 ## - INTERNATIONAL STANDARD BOOK NUMBER
International Standard Book Number 844580829X
040 ## - CATALOGING SOURCE
Original cataloging agency CO-CtgCURN
Language of cataloging spa
Transcribing agency coctgcurn
082 0# - DEWEY DECIMAL CLASSIFICATION NUMBER
Classification number 616.89075
Item number K17c
100 1# - MAIN ENTRY--PERSONAL NAME
Personal name Katschnig, Heinz.
245 10 - TITLE STATEMENT
Title Calidad de vida en los trastornos mentales /
Statement of responsibility, etc. directores Heinz Katschnig, Hugh Freeman, Norman Sartorius , colaboradores Michaela Amering ... [et al.] , traducción Xenia Ortola Castells y Lluis María Oms Bernad.
260 ## - PUBLICATION, DISTRIBUTION, ETC.
Place of publication, distribution, etc. Barcelona :
Name of publisher, distributor, etc. Masson,
Date of publication, distribution, etc. 2000.
300 ## - PHYSICAL DESCRIPTION
Extent xiii, 375 p.
336 ## - CONTENT TYPE
Source rdacontent
337 ## - MEDIA TYPE
Source rdamedia
Media type term sin mediacion
Media type code n
338 ## - CARRIER TYPE
Source rdacarrier
Carrier type term volumen
Carrier type code nc
500 ## - GENERAL NOTE
General note Incluye indice\Titulo original. Quality of life in mental disorders.
504 ## - BIBLIOGRAPHY, ETC. NOTE
Bibliography, etc. note Bibliografia (p. 317-363)
505 8# - FORMATTED CONTENTS NOTE
Formatted contents note Aspectos conceptuales.--Calidad de vida en trastornos mentales especificos.--Política y planificacion
650 14 - SUBJECT ADDED ENTRY--TOPICAL TERM
Topical term or geographic name entry element Trastornos mentales.
700 1# - ADDED ENTRY--PERSONAL NAME
Personal name Freeman, Hugh.
908 ## - PUT COMMAND PARAMETER (RLIN)
Put command parameter 160627
942 ## - ADDED ENTRY ELEMENTS (KOHA)
Koha item type Libros
Classification part 616.89075
Item part K17c
Source of classification or shelving scheme Dewey Decimal Classification
Existencias
Withdrawn status Lost status Source of classification or shelving scheme Damaged status Not for loan Collection Home library Current library Shelving location Date acquired Inventory number Total checkouts Full call number Barcode Date last seen Price effective from Koha item type Public note
    Dewey Decimal Classification     General Miguel Henríquez Emiliani Miguel Henríquez Emiliani General 03/29/2025 012862   616.89075 K17c 012862 03/29/2025 03/29/2025 Libros 610-CIENME